| 000 | 00681nam a2200241Ia 4500 | ||
|---|---|---|---|
| 003 | OSt | ||
| 005 | 20251024160254.0 | ||
| 008 | 210423s2015 xx 000 0 und d | ||
| 020 | _a9788130919119 | ||
| 040 | _cAL | ||
| 041 | _aEnglish | ||
| 082 |
_a801.97 _bBARC |
||
| 100 |
_aFrancis Barker _984811 |
||
| 245 | _aColonial discourse postcolonial theory | ||
| 260 |
_aNew Delhi _bViva Books Pvt Ltd _c2015 |
||
| 300 |
_avii,288p. _bPB _c23x15.2cm. |
||
| 365 |
_b595 _cINR |
||
| 650 |
_aLiterature _984812 |
||
| 700 |
_aHulme, Peter _9242704 |
||
| 700 |
_aIversen, Margaret _9242705 |
||
| 906 | _aColonial ; discourse ; discoursse ; postcolonial ; theory | ||
| 942 |
_2ddc _cBK |
||
| 999 |
_c169387 _d169387 |
||